000 nam a22 7a 4500
999 _c8287
_d8287
008 171214b xxu||||| |||| 00| 0 eng d
100 _aOus
_94708
245 _aHindi Book
260 _aNew Delhi